000 00209 a2200097 4500
001 56729
100 _a
245 _aCollection of fairy tales for story time
260 _aUSA
_bElek
_c
090 _c34860
_d34860
942 _aNUST-CAE
_c
_c27625
999 _c291802
_d291802